Encyklopedie Českých Budějovic /

Other Authors: Novotný, Miroslav, 1958-
Language: Czech
Published: České Budějovice : Statutární město České Budějovice,Nebe, 2006
Edition: 2., rozš. vyd.
Online Access: Digitalizovaný dokument
Physical Description: 672 s. : il. (některé barev.), portréty, plány, faksim. ; 30 cm + složená barev. mapa (57 x 40 cm)
Book
Saved in:
LEADER 01752nam a2200421 a 4500
001 nkc20061643364
003 CZ PrNK
005 20111020144646.0
007 ta
008 060216s2006 xr acehe e 001 0 cze
015 |a cnb001643364 
020 |a 80-239-6706-1  |q (váz.) 
035 |a (OCoLC)85544871 
040 |a OLA001  |b cze  |d BOA001  |d ABA001 
043 |a e-xr---  |b e-xr-jc  |2 czenas 
072 7 |a 908(437)  |x Vlastivěda Česka a Slovenska  |2 Konspekt  |9 8 
080 |a 908(437.319)  |2 MRF 
080 |a 94(437.319)  |2 MRF 
080 |a (031)  |2 MRF 
245 0 0 |a Encyklopedie Českých Budějovic /  |c [hlavní redakce Miroslav Novotný ... et al.] 
250 |a 2., rozš. vyd. 
260 |a České Budějovice :  |b Statutární město České Budějovice,  |b Nebe,  |c 2006 
300 |a 672 s. :  |b il. (některé barev.), portréty, plány, faksim. ;  |c 30 cm +  |e složená barev. mapa (57 x 40 cm) 
500 |a 2000 čísl. výt. 
500 |a Nové vydání u příležitosti 740. výročí založení města 
504 |a Obsahuje bibliografii a rejstřík 
651 7 |a České Budějovice (Česko)  |7 ge131699  |x vlastivěda  |2 czenas 
651 7 |a České Budějovice (Česko)  |7 ge131699  |x reálie  |2 czenas 
651 9 |a České Budějovice (Czechia)  |x history and geography  |2 eczenas 
655 7 |a encyklopedie  |7 fd132201  |2 czenas 
655 9 |a encyclopedias  |2 eczenas 
700 1 |a Novotný, Miroslav,  |d 1958-  |7 xx0007888  |4 edt 
856 4 1 |u http://www.digitalniknihovna.cz/mzk/uuid/uuid:0b04aed0-b9df-11e5-b5dc-005056827e51  |y Digitalizovaný dokument  |x NDK 
910 2 |a BOA001  |b 3-1173.021 
990 |a BK 
995 |a 01 
991 |b 200608  |c NOV 
996 6 |b 2610286490  |c 3-1173.021  |l MZK  |r Sklad / do 1 hodiny  |n 9  |p p.v.  |w 000822865  |u 000010  |a 1  |e BOA001  |j MZK50  |s P